| 000 | 00516nam a2200169Ia 4500 | ||
|---|---|---|---|
| 008 | 220216s9999 xx 000 0 und d | ||
| 100 | _aLiyanage A De S | ||
| 245 | 0 | _aCorynespora leaf spot disease of rubber (Hevea brasiliensis) - A new record | |
| 260 |
_bJournal of the Rubber Research Institute of Sri Lanka _c1986 |
||
| 300 | _a47-50 | ||
| 650 | _aCorynespora leaf spot | ||
| 650 | _aHevea brasiliensis | ||
| 700 | _aJayaratne A H R | ||
| 700 | _aJayasinghe C K | ||
| 700 | _aLiyanage N I S | ||
| 942 | _cJS | ||
| 999 |
_c56429 _d56429 |
||